The Hirschfeld archives : violence, death, and modern queer culture /

Guardat en:
Dades bibliogràfiques
Autor principal: Bauer, Heike
Format: Llibre
Idioma:anglès
Publicat: Philadelphia : Temple University Press, 2017
Col·lecció:Sexuality studies
Etiquetes: Afegir etiqueta
Sense etiquetes, Sigues el primer a etiquetar aquest registre!

MARC

LEADER 00000nam a22000007i 4500
001 IT\ICCU\UBO\4722606
003 ItRI
005 20260115232010.0
008 230713s2017 xxu|||||| ||||| |||||c
020 |a 9781439914328 (hbk) 
020 |a 9781439914335 (pbk) 
040 |b ita  |c importazione bologna sebina 
041 7 |a eng  |2 ISO-639-2 
100 1 |a Bauer, Heike  |0 IT\ICCU\UBOV\343607 
240 1 4 |a The Hirschfeld archives  |3 IT\ICCU\UBO\4722609 
245 1 4 |a The Hirschfeld archives :  |b violence, death, and modern queer culture /  |c Heike Bauer. 
260 |a Philadelphia :  |b Temple University Press,  |c 2017 
300 |a x, 214 pages ;  |c 24 cm 
830 0 |a Sexuality studies  |0 IT\ICCU\UBO\4410488 
942 |2 ddc  |c BK  |n 0 
952 |0 0  |1 0  |4 0  |6 DOC_306_760000000000000_BAU  |7 0  |9 18669  |a BO  |b BO  |d 2026-01-15  |i 19641  |l 0  |o DOC 306.760 BAU  |p BO19641  |r 2026-01-15 23:20:10  |w 2026-01-15  |x [Sebina 5] [1 v.]  |y BK  |z 1 v. 
999 |c 15833  |d 15833